IFM Opac

Behond structure Adjustment program in Tanzania (Record no. 17130)

MARC details
000 -LEADER
fixed length control field 00304nam a22001217a 4500
082 ## - DEWEY DECIMAL CLASSIFICATION NUMBER
Classification number 338bBEY
100 ## - MAIN ENTRY--PERSONAL NAME
Personal name L A Msambichaka
245 ## - TITLE STATEMENT
Title Behond structure Adjustment program in Tanzania
260 ## - PUBLICATION, DISTRIBUTION, ETC.
Place of publication, distribution, etc. Tanzania
Name of publisher, distributor, etc. Universty of Dare es salaam
300 ## - PHYSICAL DESCRIPTION
Extent 319
Other physical details ill,cm23
700 ## - ADDED ENTRY--PERSONAL NAME
Personal name G D Mjema
942 ## - ADDED ENTRY ELEMENTS (KOHA)
Koha item type Books
Holdings
Withdrawn status Lost status Source of classification or shelving scheme Damaged status Not for loan Collection code Home library Current library Shelving location Date acquired Full call number Barcode Date last seen Price effective from Koha item type
    Dewey Decimal Classification     Reference IFM Main Campus Library IFM Main Campus Library   07/31/2017 338bBEY 28641/04 07/31/2017 07/31/2017 Books